Italian guns of ww2 quiz - Statistics

General Stats
  • This quiz has been taken 43 times
  • The average score is 5 of 11
Answer Stats
Hint Answer % Correct
This is just the calvary version for the Carcano M91/38 Carcano M91/38
Calvalleria
57%
This weapon was the best SMGs produced in WWII. Beretta M38
51%
This gun was the best Italian HMG of WWII. Breda M1937
46%
The rifle was the standard issued rifle for the Italian army
during both World Wars
Carcano M1891
46%
This rifle took JFK's life in 1963. Carcano M91/38
46%
This firearm was the best pistol the Italina could use Beretta M1934
43%
The LMG, was the worst gun ever used by the Italians Breda 30
43%
This sidearm fires a Glisenti cartridge. Glisenti M1910
43%
This firearm was designed in 1943 Mitra FNAB-43
37%
This was a large Swiss Anti-tank rifle Solothorn S18/1000
34%
This Italian SMG was produced in the late war period
of WWII and was even sold to Burma
TZ 45
14%
No matching quizzes found
Score Distribution
Percent of People with Each Score
Percentile by Number Answered
Your Score History
You have not taken this quiz